<?xml version="1.0" encoding="UTF-8"?>
<record
    xmlns:xsi="http://www.w3.org/2001/XMLSchema-instance"
    xsi:schemaLocation="http://www.loc.gov/MARC21/slim http://www.loc.gov/standards/marcxml/schema/MARC21slim.xsd"
    xmlns="http://www.loc.gov/MARC21/slim">

  <leader>01516cam a2200325 i 4500</leader>
  <controlfield tag="001">79188</controlfield>
  <controlfield tag="003">BD-RjUL</controlfield>
  <controlfield tag="005">20220116135831.0</controlfield>
  <controlfield tag="008">220116s1884    ua            000 0 ara  </controlfield>
  <datafield tag="035" ind1=" " ind2=" ">
    <subfield code="a">(BD-RjUL)79188</subfield>
  </datafield>
  <datafield tag="040" ind1=" " ind2=" ">
    <subfield code="a">DLC</subfield>
    <subfield code="b">eng</subfield>
    <subfield code="c">DLC</subfield>
    <subfield code="e">rda</subfield>
    <subfield code="d">DLC</subfield>
  </datafield>
  <datafield tag="041" ind1=" " ind2=" ">
    <subfield code="a">ara</subfield>
  </datafield>
  <datafield tag="082" ind1=" " ind2=" ">
    <subfield code="2">23</subfield>
    <subfield code="a">946.04</subfield>
    <subfield code="b">MAN 1884</subfield>
  </datafield>
  <datafield tag="100" ind1="1" ind2=" ">
    <subfield code="a">&#x645;&#x642;&#x631;&#x64A;&#x60C; &#x623;&#x62D;&#x645;&#x62F; &#x628;&#x646; &#x645;&#x62D;&#x645;&#x62F;&#x60C;&#x200F;  ;; Maqqar&#x12B;, A&#x1E25;mad ibn Mu&#x1E25;ammad,</subfield>
    <subfield code="d">-1631 or 1632,</subfield>
    <subfield code="e">author.</subfield>
    <subfield code="9">751</subfield>
  </datafield>
  <datafield tag="245" ind1="1" ind2="0">
    <subfield code="a">&#x646;&#x641;&#x62D; &#x627;&#x644;&#x637;&#x64A;&#x628; &#x645;&#x646; &#x63A;&#x635;&#x646; &#x627;&#x644;&#x623;&#x646;&#x62F;&#x644;&#x633; &#x627;&#x644;&#x631;&#x637;&#x64A;&#x628; &#x648;&#x630;&#x643;&#x631; &#x648;&#x632;&#x64A;&#x631;&#x647;&#x627; &#x644;&#x633;&#x627;&#x646; &#x627;&#x644;&#x62F;&#x64A;&#x646; &#x628;&#x646; &#x627;&#x644;&#x62E;&#x637;&#x64A;&#x628; / ;;;  Naf&#x1E25; al-&#x1E6D;&#x12B;b min ghu&#x1E63;n al-Andalus al-ra&#x1E6D;&#x12B;b wa-dhikr waz&#x12B;rah&#x101; Lis&#x101;n al-dd&#x12B;n ibn al-Kha&#x1E6D;&#x12B;b /</subfield>
    <subfield code="c">Ahmed bin Mohammed Makri, ;; &#x623;&#x62D;&#x645;&#x62F; &#x628;&#x646; &#x645;&#x62D;&#x645;&#x62F; &#x645;&#x642;&#x631;&#x64A;</subfield>
  </datafield>
  <datafield tag="246" ind1="1" ind2="8">
    <subfield code="a">&#x646;&#x641;&#x62D; &#x627;&#x644;&#x637;&#x64A;&#x628; ;; Naf&#x1E25; al-&#x1E6D;&#x12B;b</subfield>
  </datafield>
  <datafield tag="246" ind1="3" ind2=" ">
    <subfield code="a">&#x643;&#x62A;&#x627;&#x628; &#x646;&#x641;&#x62D; &#x627;&#x644;&#x637;&#x64A;&#x628; &#x645;&#x646; &#x63A;&#x635;&#x646; &#x627;&#x644;&#x623;&#x646;&#x62F;&#x644;&#x633; &#x627;&#x644;&#x631;&#x637;&#x64A;&#x628; ;; Kit&#x101;b naf&#x1E25; al-&#x1E6D;&#x12B;b min ghu&#x1E63;n al-Andalus al-ra&#x1E6D;&#x12B;b</subfield>
  </datafield>
  <datafield tag="264" ind1=" " ind2="0">
    <subfield code="a">&#x627;&#x644;&#x642;&#x627;&#x647;&#x631; :&#x200F;  ;; al-Q&#x101;hira :</subfield>
    <subfield code="b">&#x627;&#x644;&#x645;&#x637;&#x628;&#x639;&#x629; &#x627;&#x644;&#x627;&#x632;&#x647;&#x631;&#x64A;&#x629;&#x60C; ;; al-Ma&#x1E6D;ba&#x2BB;ah al-Azhariah ,</subfield>
    <subfield code="c">1884</subfield>
  </datafield>
  <datafield tag="300" ind1=" " ind2=" ">
    <subfield code="a">4 volumes ;</subfield>
    <subfield code="c">26 cm</subfield>
  </datafield>
  <datafield tag="336" ind1=" " ind2=" ">
    <subfield code="a">text</subfield>
    <subfield code="2">rdacontent</subfield>
  </datafield>
  <datafield tag="337" ind1=" " ind2=" ">
    <subfield code="a">unmediated</subfield>
    <subfield code="2">rdamedia</subfield>
  </datafield>
  <datafield tag="338" ind1=" " ind2=" ">
    <subfield code="a">volume</subfield>
    <subfield code="2">rdacarrier</subfield>
  </datafield>
  <datafield tag="505" ind1=" " ind2=" ">
    <subfield code="a">V-2.--v.3.--v.4.--</subfield>
  </datafield>
  <datafield tag="600" ind1="0" ind2="0">
    <subfield code="a">Ibn al-Kha&#x1E6D;&#x12B;b,</subfield>
    <subfield code="d">1313-1374.</subfield>
    <subfield code="9">752</subfield>
  </datafield>
  <datafield tag="650" ind1=" " ind2="0">
    <subfield code="a">Arabs</subfield>
    <subfield code="z">Spain.</subfield>
    <subfield code="9">753</subfield>
  </datafield>
  <datafield tag="650" ind1=" " ind2="0">
    <subfield code="a">Spain</subfield>
    <subfield code="x">History</subfield>
    <subfield code="y">711-1516.</subfield>
    <subfield code="9">754</subfield>
  </datafield>
  <datafield tag="700" ind1="1" ind2=" ">
    <subfield code="a">&#x645;&#x646;&#x635;&#x648;&#x631;&#x64A;&#x60C; &#x645;&#x62D;&#x645;&#x648;&#x62F; &#x627;&#x644;&#x625;&#x645;&#x627;&#x645;&#x60C;&#x200F; ;; Man&#x1E63;&#x16B;r&#x12B;, Ma&#x1E25;m&#x16B;d al-Im&#x101;m,</subfield>
    <subfield code="9">413</subfield>
  </datafield>
  <datafield tag="942" ind1=" " ind2=" ">
    <subfield code="2">ddc</subfield>
    <subfield code="c">BK</subfield>
  </datafield>
  <datafield tag="999" ind1=" " ind2=" ">
    <subfield code="c">79188</subfield>
    <subfield code="d">79188</subfield>
  </datafield>
  <datafield tag="952" ind1=" " ind2=" ">
    <subfield code="0">0</subfield>
    <subfield code="1">0</subfield>
    <subfield code="2">ddc</subfield>
    <subfield code="4">0</subfield>
    <subfield code="7">1</subfield>
    <subfield code="8">NFIC</subfield>
    <subfield code="a">RUCL</subfield>
    <subfield code="b">RUCL</subfield>
    <subfield code="c">Reading</subfield>
    <subfield code="d">2022-01-16</subfield>
    <subfield code="o">A 946.04 MAN V-2 1884</subfield>
    <subfield code="r">2022-01-16 00:00:00</subfield>
    <subfield code="t">C-1</subfield>
    <subfield code="y">BK</subfield>
  </datafield>
  <datafield tag="952" ind1=" " ind2=" ">
    <subfield code="0">0</subfield>
    <subfield code="1">0</subfield>
    <subfield code="2">ddc</subfield>
    <subfield code="4">0</subfield>
    <subfield code="7">1</subfield>
    <subfield code="8">NFIC</subfield>
    <subfield code="a">RUCL</subfield>
    <subfield code="b">RUCL</subfield>
    <subfield code="c">Reading</subfield>
    <subfield code="d">2022-01-16</subfield>
    <subfield code="o">A 946.04 MAN V-3 1884</subfield>
    <subfield code="r">2022-01-16 00:00:00</subfield>
    <subfield code="t">C-1</subfield>
    <subfield code="y">BK</subfield>
  </datafield>
  <datafield tag="952" ind1=" " ind2=" ">
    <subfield code="0">0</subfield>
    <subfield code="1">0</subfield>
    <subfield code="2">ddc</subfield>
    <subfield code="4">0</subfield>
    <subfield code="7">1</subfield>
    <subfield code="8">NFIC</subfield>
    <subfield code="a">RUCL</subfield>
    <subfield code="b">RUCL</subfield>
    <subfield code="c">Reading</subfield>
    <subfield code="d">2022-01-16</subfield>
    <subfield code="o">A 946.04 MAN V-4 1884</subfield>
    <subfield code="r">2022-01-16 00:00:00</subfield>
    <subfield code="t">C-1</subfield>
    <subfield code="y">BK</subfield>
  </datafield>
</record>
